| 000 | 00974 a2200313 4500 | ||
|---|---|---|---|
| 999 |
_c200130823 _d30438 |
||
| 001 | 200130823 | ||
| 003 | TR-AnTOB | ||
| 005 | 20211220174923.0 | ||
| 008 | 131112b tu 000 0 | ||
| 020 | _a9786056380716 | ||
| 040 |
_aTR-AnTOB _cTR-AnTOB |
||
| 041 | _atur | ||
| 050 |
_aDS325.T14 _b.P65 2013 |
||
| 090 | _aDS325.T14 .P65 2013 | ||
| 100 | 1 |
_aPolat, Ali _9134699 |
|
| 245 | 1 | 0 |
_aMedeniyetlerin Buluştuğu Tebriz ve Çevresi / _cPolat, Ali. |
| 264 | 1 |
_aİstanbul: _b, _c2013. |
|
| 300 |
_a400p.; _bHarita ve fotoğraf içerir. _c18 cm |
||
| 336 |
_2rdacontent _atext _btxt |
||
| 337 |
_2rdamedia _aunmediated _bn |
||
| 338 |
_2rdacarrier _avolume _bnc |
||
| 504 | _aKaynakça içerir. | ||
| 505 | _aTebriz'in kuruluşu -- Tarihte Tebriz -- Tebriz mimarisi -- Tebriz'de kültür. | ||
| 651 |
_aTebriz (İran) _xGezi ve seyahat _994086 |
||
| 651 |
_aTebriz (İran) _xTarih _994087 |
||
| 700 |
_aÇakmak, Hasan Ali _994085 |
||
| 942 |
_cBK _2lcc |
||